The nomads of Gir : (Record no. 56323)

MARC details
000 -LEADER
fixed length control field 01496nam a22003017a 4500
005 - DATE AND TIME OF LATEST TRANSACTION
control field 20110905151147.0
010 ## - LCCN (DPL NO)
LC control number G-001298
020 ## - INTERNATIONAL STANDARD BOOK NUMBER
International Standard Book Number 9788190679169
Terms of availability 795.00
035 ## - SYSTEM CONTROL NUMBER
System control number G-001298
037 ## - SOURCE OF ACQUISITION
Stock number dpl
Source of stock number/acquisition Gift
082 04 - DEWEY DECIMAL CLASSIFICATION NUMBER
Classification number 305.906918095475
Edition number 22
100 1# - MAIN ENTRY--PERSONAL NAME
Personal name Chudasama, R. N.
245 14 - TITLE STATEMENT
Title The nomads of Gir :
Remainder of title Maldhari, past and present /
Statement of responsibility, etc R.N. Chudasama.
246 30 - VARYING FORM OF TITLE
Title proper/short title Maldhari
260 ## - PUBLICATION, DISTRIBUTION, ETC. (IMPRINT)
Place of publication, distribution, etc Jaipur, India :
Name of publisher, distributor, etc Vital Publications,
Date of publication, distribution, etc 2010.
270 ## - ADDRESS
Address D-19, Inderpuri, Lalkothi
City Jaipur
300 ## - PHYSICAL DESCRIPTION
Extent vi, 215 p. :
Other physical details ill. ;
Dimensions 23 cm. (Hb)
500 ## - GENERAL NOTE
General note Includes bibliographical references (p. [209]-215).
520 ## - SUMMARY, ETC.
Summary, etc Socioeconomic conditions of Māladhārī, a pastoral community who inhabited Gir protected area of Gujarat, India.
650 #0 - SUBJECT ADDED ENTRY--TOPICAL TERM
Topical term or geographic name as entry element Māladhārī (Indic people)
General subdivision Social conditions.
650 #0 - SUBJECT ADDED ENTRY--TOPICAL TERM
Topical term or geographic name as entry element Māladhārī (Indic people)
General subdivision Economic conditions.
650 #0 - SUBJECT ADDED ENTRY--TOPICAL TERM
Topical term or geographic name as entry element Gir Forest National Park (India)
General subdivision Social conditions.
650 #0 - SUBJECT ADDED ENTRY--TOPICAL TERM
Topical term or geographic name as entry element Gir Forest National Park (India)
General subdivision Economic conditions.
942 ## - ADDED ENTRY ELEMENTS (KOHA)
Source of classification or shelving scheme Dewey Decimal Classification
Item type English Books
Classification part 305.906918095475
Call number suffix CHU
Holdings
Withdrawn status Lost status Not for loan Collection code Home library Current library Date acquired Source of acquisition Cost, normal purchase price Full call number Barcode Copy number Cost, replacement price Koha item type
      Non-fiction Janak Puri Janak Puri 05/09/2011 bppd/gift 795.00 305.906918095475 CHU G-001298 1 795.00 English Books

© Delhi Public Library
Hit Counter
free hit counter